000
00317nam a22001457a 4500
003
SGT
020
_a
8170128161
082
_a
382
_b
RAI
100
_a
RAI , SHEELA
245
_a
ANTI DUMPING MEASURES UNDER GATT/WTO
250
_a
1
260
_a
LUCKNOW
_b
EASTERN BOOK HOUSE
_c
2004
300
_a
494
942
_2
ddc
_c
BK
999
_c
25178
_d
25178